[Event "DLM 2008"]
[Site "Dresden GER"]
[Date "2008.11.14"]
[Round "1"]
[White "Müller, Jan-Hendrik"]
[Black "Geske, Julian"]
[Result "0-1"]
[Termination "normal"]
[Board "4.1"]
[WhiteElo "2091"]
[BlackElo "2229"]
[WhiteTeam "Hamburg"]
[BlackTeam "Hessen 1"]
[PlyCount "173"]
[WhiteFideId "24615048"]
[BlackFideId "24605263"]
[EventCountry "GER"]
[EventRounds "7"]
[EventType "team-swiss"]
[EventDate "2008.11.13"]

1. e4 d5 2. exd5 Qxd5 3. Nc3 Qa5 4. d4 Nf6 5. Nf3 Ne4 6. Bd2 Nxd2 7. Qxd2 e6 8.
Ne4 Qxd2+ 9. Nexd2 Nd7 10. Bd3 Be7 11. O-O O-O 12. Rfe1 c6 13. a4 Rd8 14. a5
Rb8 15. Nc4 Kf8 16. c3 c5 17. Bc2 b5 18. axb6 axb6 19. Rad1 Bb7 20. Nfe5 Nxe5
21. dxe5 Bd5 22. Ne3 Bc6 23. f3 h6 24. Kf2 Ra8 25. Rxd8+ Bxd8 26. Nc4 b5 27.
Nd6 Bc7 28. Be4 Bxe4 29. Nxe4 Ra2 30. Re2 Bxe5 31. Nxc5 Bc7 32. Nd3 Bd6 33. f4
g5 34. Kf3 Ra1 35. g3 Ke7 36. Ke3 Rf1 37. b4 Bc7 38. Rc2 Bb6+ 39. Ke2 Rh1 40.
Kf3 f5 41. h3 Rf1+ 42. Ke2 Rg1 43. Kf3 gxf4 44. gxf4 Rf1+ 45. Kg3 Rd1 46. Ne5
Rg1+ 47. Kf3 Rf1+ 48. Kg3 Be3 49. Kg2 Rc1 50. Rxc1 Bxc1 51. Kf3 Bb2 52. Nc6+
Kd7 53. Nd4 Bxc3 54. Nxb5 Bxb4 55. Nd4 Bc5 56. Ne2 Kd6 57. Ng3 Bb4 58. Ne2 Ke7
59. Nd4 Kf6 60. Nc2 Bc5 61. Ne1 Kg6 62. Ng2 Kh5 63. Ke2 Bd4 64. Kf3 Bb2 65. Kg3
Bc1 66. Kf3 Ba3 67. Kg3 Bb2 68. Kf3 Bc1 69. Kg3 Bd2 70. Kf3 Kg6 71. Ke2 Bc1 72.
Kf3 Kf6 73. Ne1 Bb2 74. Nd3 Bd4 75. Ne1 Ke7 76. Ng2 Kd6 77. Ne1 Kd5 78. Ng2 Bf6
79. Ne3+ Kd4 80. Nc2+ Kd3 81. Nb4+ Kc3 82. Nc6 Kc4 83. Na5+ Kb4 84. Nc6+ Kb5
85. Nb8 Bg7 86. Nd7 Kc6 87. Nb8+ 0-1

[Event "DLM 2008"]
[Site "Dresden GER"]
[Date "2008.11.14"]
[Round "1"]
[White "Sergin, Mark"]
[Black "Borgmeyer, Max"]
[Result "1-0"]
[Termination "normal"]
[Board "4.2"]
[WhiteElo "2202"]
[BlackElo "2069"]
[WhiteTeam "Hessen 1"]
[BlackTeam "Hamburg"]
[PlyCount "95"]
[WhiteFideId "24615307"]
[BlackFideId "24615870"]
[EventCountry "GER"]
[EventRounds "7"]
[EventType "team-swiss"]
[EventDate "2008.11.13"]

1. e4 c5 2. Nf3 d6 3. d4 cxd4 4. Nxd4 Nf6 5. Nc3 a6 6. Bc4 e6 7. Bb3 Nbd7 8.
Bg5 Nc5 9. Qe2 Be7 10. f4 h6 11. Bxf6 Bxf6 12. O-O-O Qc7 13. Kb1 Bd7 14. f5
Nxb3 15. cxb3 O-O 16. h4 b5 17. g4 b4 18. Na4 exf5 19. Nxf5 Bxf5 20. exf5 Rfe8
21. Qd2 Qe7 22. Nb6 Rab8 23. Nd5 Qe4+ 24. Ka1 Be5 25. f6 Re6 26. g5 gxf6 27.
gxf6 Kh7 28. Rhg1 Bxf6 29. Rdf1 Qe5 30. Qg2 Rbe8 31. a4 Bg7 32. Rxf7 Rg8 33.
Nf6+ Qxf6 34. Rxf6 Rxf6 35. Qe4+ Kh8 36. Rg2 Rgf8 37. Qxb4 Rf1+ 38. Ka2 R1f2
39. Rxf2 Rxf2 40. Qb8+ Kh7 41. Qxd6 Rxb2+ 42. Ka3 Rf2 43. Qd3+ Kh8 44. b4 Rf4
45. Qxa6 Rf3+ 46. Ka2 Rf2+ 47. Kb3 Rf3+ 48. Kc2 1-0

[Event "DLM 2008"]
[Site "Dresden GER"]
[Date "2008.11.14"]
[Round "1"]
[White "Lampert, Jonas"]
[Black "Rafiee, Makan"]
[Result "0-1"]
[Termination "normal"]
[Board "4.3"]
[WhiteElo "1925"]
[BlackElo "2155"]
[WhiteTeam "Hamburg"]
[BlackTeam "Hessen 1"]
[PlyCount "70"]
[WhiteFideId "1303759"]
[BlackFideId "24609340"]
[EventCountry "GER"]
[EventRounds "7"]
[EventType "team-swiss"]
[EventDate "2008.11.13"]

1. e4 c5 2. Nf3 d6 3. d4 cxd4 4. Nxd4 Nf6 5. Nc3 a6 6. Bg5 e6 7. f4 Be7 8. Qf3
Qc7 9. O-O-O Nbd7 10. g4 b5 11. Bxf6 Nxf6 12. g5 Nd7 13. f5 Bxg5+ 14. Kb1 Ne5
15. Qg3 Qe7 16. fxe6 fxe6 17. Bh3 Bf6 18. Nce2 O-O 19. Rhf1 Nc4 20. b3 Na3+ 21.
Kc1 Bd7 22. Nf3 Rac8 23. Ne1 Be5 24. Rxf8+ Qxf8 25. Qg1 Qf6 26. Rd3 Qh4 27. Kd1
Qxe4 28. Qa7 Qc6 29. Nd4 Bxd4 30. Qxd4 Nxc2 31. Qxd6 Qh1 32. Bxe6+ Kh8 33. Bc4
Qxe1+ 34. Kxc2 bxc4 35. bxc4 Bf5 0-1

[Event "DLM 2008"]
[Site "Dresden GER"]
[Date "2008.11.14"]
[Round "1"]
[White "Schulenburg, Torben"]
[Black "Wagner, Dennis"]
[Result "0-1"]
[Termination "normal"]
[Board "4.5"]
[WhiteElo "1905"]
[BlackElo "2000"]
[WhiteTeam "Hamburg"]
[BlackTeam "Hessen 1"]
[PlyCount "104"]
[WhiteFideId "24648558"]
[BlackFideId "24650684"]
[EventCountry "GER"]
[EventRounds "7"]
[EventType "team-swiss"]
[EventDate "2008.11.13"]

1. d4 d5 2. c4 c6 3. Nc3 Nf6 4. cxd5 cxd5 5. Nf3 Nc6 6. Bf4 a6 7. e3 Bg4 8. Be2
e6 9. a3 Be7 10. O-O O-O 11. Rc1 Rc8 12. b4 b5 13. h3 Bxf3 14. Bxf3 Qb6 15. Be2
Rfd8 16. Qb3 Ne8 17. Rfd1 Bd6 18. Bxd6 Nxd6 19. Rb1 Nc4 20. Bxc4 dxc4 21. Qc2
Rb8 22. Qe4 Ne7 23. Qc2 Nd5 24. Ne4 a5 25. Nc5 axb4 26. axb4 Ra8 27. e4 Ne7 28.
Qc3 Ra2 29. Ra1 Rda8 30. Rxa2 Rxa2 31. d5 exd5 32. exd5 Ra8 33. d6 Rd8 34. Qf3
Ng6 35. d7 Qc7 36. Qe4 Nf8 37. Qe7 c3 38. Qg5 h6 39. Qe3 c2 40. Rc1 Nxd7 41. g3
Nxc5 42. Rxc2 Qb7 43. f3 Ne6 44. Kf2 Qd5 45. f4 Qd4 46. f5 Ng5 47. h4 Ne4+ 48.
Kf3 Nd2+ 49. Kf2 Nc4 50. Qxd4 Rxd4 51. Re2 Kf8 52. Kf3 Nd6 0-1

[Event "DLM 2008"]
[Site "Dresden GER"]
[Date "2008.11.14"]
[Round "1"]
[White "Tran, My Linh"]
[Black "Herbold, Nora Marina"]
[Result "1-0"]
[Termination "normal"]
[Board "4.6"]
[WhiteElo "1898"]
[BlackElo "1673"]
[WhiteTeam "Hessen 1"]
[BlackTeam "Hamburg"]
[PlyCount "151"]
[WhiteFideId "24682462"]
[BlackFideId "4624548"]
[EventCountry "GER"]
[EventRounds "7"]
[EventType "team-swiss"]
[EventDate "2008.11.13"]

1. e4 c5 2. Nf3 e6 3. d4 cxd4 4. Nxd4 a6 5. Nc3 Qc7 6. g3 b6 7. Bg2 Bb7 8. O-O
d6 9. Be3 Be7 10. f4 Nd7 11. f5 e5 12. Nb3 Ngf6 13. Qe2 O-O 14. Rad1 Nc5 15.
Bc1 Rfd8 16. Kh1 Rac8 17. g4 Bf8 18. g5 Ne8 19. g6 h6 20. Nxc5 dxc5 21. Qc4 Nf6
22. Qxf7+ Qxf7 23. gxf7+ Kxf7 24. b3 Be7 25. Rde1 b5 26. Nd5 Nxd5 27. exd5 Bf6
28. c4 bxc4 29. bxc4 a5 30. Bb2 Re8 31. Rf2 Ba6 32. Rc2 Rb8 33. Ba3 Rbc8 34.
Be4 Be7 35. Bf3 Bh4 36. Bh5+ Kf8 37. Re4 Bf6 38. Bxe8 Kxe8 39. Bb2 Kd7 40. Rce2
Re8 41. Kg2 Kd6 42. Kf2 Re7 43. Bc3 a4 44. Ke3 Re8 45. Kd3 Re7 46. R4e3 Bc8 47.
Rf3 Ba6 48. Re4 Bc8 49. Kc2 Rb7 50. Re2 Rb8 51. Kd3 Rb7 52. Rb2 Rxb2 53. Bxb2
Ba6 54. Re3 Bc8 55. Ke4 Ba6 56. Rc3 Bc8 57. Ra3 Bd7 58. Bc3 Be8 59. Ba5 Bd7 60.
Bb6 Be8 61. Ba7 Bd7 62. Bb8+ Ke7 63. Bxe5 Be8 64. d6+ Kd8 65. Bxf6+ gxf6 66.
Kd5 Bd7 67. Rf3 Kc8 68. Kxc5 Kb7 69. a3 h5 70. Rf4 Bc6 71. Rh4 Be8 72. Kd5 Bf7+
73. Kc5 Be8 74. Kb4 Kc6 75. c5 Kb7 76. Rd4 1-0

[Event "DLM 2008"]
[Site "Dresden GER"]
[Date "2008.11.14"]
[Round "1"]
[White "Weber, Marina"]
[Black "Breitwieser, Jasmin"]
[Result "0-1"]
[Termination "normal"]
[Board "4.7"]
[WhiteElo "1392"]
[BlackElo "1823"]
[WhiteTeam "Hamburg"]
[BlackTeam "Hessen 1"]
[PlyCount "80"]
[WhiteFideId "1270577"]
[BlackFideId "24601705"]
[EventCountry "GER"]
[EventRounds "7"]
[EventType "team-swiss"]
[EventDate "2008.11.13"]

1. e4 c5 2. Nf3 e6 3. d4 cxd4 4. Nxd4 Nf6 5. Bd3 Nc6 6. Nf3 d6 7. Bg5 Be7 8.
O-O O-O 9. Nc3 a6 10. Re1 Qc7 11. Qd2 Rd8 12. Rad1 b5 13. a3 Bb7 14. Re2 Rac8
15. Qf4 b4 16. Na2 bxa3 17. bxa3 Ne5 18. Nxe5 dxe5 19. Qc1 Nh5 20. Be3 Nf4 21.
Ree1 Nxd3 22. Rxd3 Bxe4 23. Rxd8+ Rxd8 24. Qb2 Rb8 25. Nb4 Bxb4 26. axb4 Bd5
27. Bc5 Qxc5 28. Qxe5 Qb6 29. c3 h6 30. Ra1 Rc8 31. Qe1 Qc6 32. Ra3 Bxg2 33.
Qe3 Bd5 34. Qd3 Qb5 35. Qc2 Qc4 36. Qd1 Qe4 37. Kf1 Qh1+ 38. Ke2 Bf3+ 39. Ke3
Qxd1 40. Ra2 Rxc3+ 0-1

[Event "DLM 2008"]
[Site "Dresden GER"]
[Date "2008.11.14"]
[Round "1"]
[White "Bluhm, Sonja Maria"]
[Black "Lemke, Berfín"]
[Result "1-0"]
[Termination "normal"]
[Board "4.8"]
[WhiteElo "1636"]
[BlackElo "1095"]
[WhiteTeam "Hessen 1"]
[BlackTeam "Hamburg"]
[PlyCount "71"]
[WhiteFideId "24654027"]
[BlackFideId "1270578"]
[EventCountry "GER"]
[EventRounds "7"]
[EventType "team-swiss"]
[EventDate "2008.11.13"]

1. e4 e5 2. Bc4 Bc5 3. Nf3 Nc6 4. c3 d6 5. Bb3 Nf6 6. d3 Bg4 7. Nbd2 O-O 8. h3
Be6 9. Bc2 Qd7 10. Nf1 Rad8 11. Bg5 Qe7 12. Ng3 h6 13. Bd2 d5 14. Qe2 Bd6 15.
b3 Rfe8 16. Nh4 Qd7 17. Rd1 Bc5 18. Qf3 d4 19. c4 Bb4 20. Nhf5 Bxd2+ 21. Rxd2
Bxf5 22. Nxf5 Ne7 23. Nxh6+ Kf8 24. Bd1 Neg8 25. Nf5 Ne7 26. Ng3 Ng6 27. h4 Ne7
28. h5 Nh7 29. Nf1 Qe6 30. Nh2 Nc6 31. Qg3 g6 32. hxg6 Qxg6 33. Ng4 Re7 34. Rh6
Qg7 35. Qh4 Kg8 36. Rxh7 1-0

[Event "DLM 2008"]
[Site "Dresden GER"]
[Date "2008.11.14"]
[Round "1"]
[White "Hirneise, Jens"]
[Black "Kölsch, Maximilian"]
[Result "1-0"]
[Termination "normal"]
[Board "5.1"]
[WhiteElo "2305"]
[BlackElo "2156"]
[WhiteTeam "Württemberg 1"]
[BlackTeam "Schleswig-Holstein"]
[PlyCount "63"]
[WhiteFideId "24614734"]
[BlackFideId "24618462"]
[EventCountry "GER"]
[EventRounds "7"]
[EventType "team-swiss"]
[EventDate "2008.11.13"]

1. e4 c5 2. Nf3 e6 3. d4 cxd4 4. Nxd4 a6 5. Nc3 Qc7 6. Bd3 Nf6 7. f4 d6 8. Qf3
Nbd7 9. g4 h6 10. h4 h5 11. g5 Ng4 12. Bd2 b5 13. g6 Ndf6 14. gxf7+ Qxf7 15.
O-O-O b4 16. Na4 e5 17. Nb3 Rb8 18. fxe5 Nxe5 19. Qg3 Qc7 20. Bf4 Nfg4 21. Be2
Be7 22. Nac5 Bf6 23. Bxg4 hxg4 24. Nd3 Be6 25. Kb1 Rc8 26. Rc1 Nc4 27. Nbc5 Bf7
28. Qxg4 Nxb2 29. Bxd6 Nc4 30. e5 Nxd6 31. exf6 Qa5 32. Rce1+ 1-0

[Event "DLM 2008"]
[Site "Dresden GER"]
[Date "2008.11.14"]
[Round "1"]
[White "Svane, Rasmus"]
[Black "Strunski, Andreas"]
[Result "0-1"]
[Termination "normal"]
[Board "5.2"]
[WhiteElo "1967"]
[BlackElo "2275"]
[WhiteTeam "Schleswig-Holstein"]
[BlackTeam "Württemberg 1"]
[PlyCount "77"]
[WhiteFideId "4657101"]
[BlackFideId "24606073"]
[EventCountry "GER"]
[EventRounds "7"]
[EventType "team-swiss"]
[EventDate "2008.11.13"]

1. e4 c5 2. Nf3 e6 3. d4 cxd4 4. Nxd4 Nc6 5. Nc3 Qc7 6. g3 a6 7. Bg2 Nf6 8. O-O
d6 9. Re1 Be7 10. Nxc6 bxc6 11. e5 dxe5 12. Rxe5 O-O 13. Bf4 Qb7 14. b3 Rd8 15.
Qf3 Bd7 16. Rae1 Be8 17. Ne4 Nd5 18. Bc1 Qb4 19. c3 Qb8 20. Ng5 h6 21. Nxe6
fxe6 22. Rxe6 Bf8 23. c4 Nb4 24. Rxh6 Nd3 25. Bh3 Bf7 26. Bf5 gxh6 27. Bxd3 Qb4
28. Re4 Bg7 29. Rg4 Qe1+ 30. Bf1 Qxc1 31. Qf6 Bg6 32. Qxg6 Ra7 33. Kg2 Rf7 34.
Bd3 Qd2 35. Bf5 Kf8 36. Qh7 Rd6 37. Rf4 Rdf6 38. Bg6 Rxf4 39. gxf4 0-1

[Event "DLM 2008"]
[Site "Dresden GER"]
[Date "2008.11.14"]
[Round "1"]
[White "Pogan, Nikolas"]
[Black "Marx, Joschka"]
[Result "0-1"]
[Termination "normal"]
[Board "5.3"]
[WhiteElo "2083"]
[BlackElo "1978"]
[WhiteTeam "Württemberg 1"]
[BlackTeam "Schleswig-Holstein"]
[PlyCount "82"]
[WhiteFideId "24673579"]
[BlackFideId "24645869"]
[EventCountry "GER"]
[EventRounds "7"]
[EventType "team-swiss"]
[EventDate "2008.11.13"]

1. c4 c5 2. g3 Nc6 3. Bg2 g6 4. Nc3 Bg7 5. d3 e5 6. e4 Nge7 7. Nge2 O-O 8. O-O
d6 9. h3 h6 10. Kh2 Rb8 11. f4 f5 12. Be3 Nd4 13. Rb1 Bd7 14. b4 b6 15. b5 Be6
16. Nd5 Nxe2 17. Qxe2 Nxd5 18. exd5 Bd7 19. fxe5 dxe5 20. a4 Qc7 21. Bf2 Rf7
22. Rbd1 Kh7 23. Rd2 Rbf8 24. Qe1 f4 25. Be4 fxg3+ 26. Kxg3 Qd8 27. Rg1 Qg5+
28. Kh2 Qxd2 29. Bxg6+ Kh8 30. Bxf7 Qf4+ 31. Bg3 Qxf7 32. Bxe5 Qf2+ 33. Qxf2
Rxf2+ 34. Kg3 Bxe5+ 35. Kxf2 Bd4+ 36. Kg2 Bxg1 37. Kxg1 Bxh3 38. d4 Kg7 39. a5
Bc8 40. d6 Kf7 41. dxc5 bxc5 0-1

[Event "DLM 2008"]
[Site "Dresden GER"]
[Date "2008.11.14"]
[Round "1"]
[White "Powierski, Emil"]
[Black "Erben, Larissa"]
[Result "1-0"]
[Termination "normal"]
[Board "5.4"]
[WhiteElo "1787"]
[BlackElo "1991"]
[WhiteTeam "Schleswig-Holstein"]
[BlackTeam "Württemberg 1"]
[PlyCount "83"]
[WhiteFideId "4656199"]
[BlackFideId "24634590"]
[EventCountry "GER"]
[EventRounds "7"]
[EventType "team-swiss"]
[EventDate "2008.11.13"]

1. e4 c5 2. Nf3 e6 3. d4 cxd4 4. Nxd4 Nc6 5. Nc3 Qc7 6. Be3 a6 7. Bd3 Nf6 8.
O-O Ne5 9. h3 d6 10. f4 Ng6 11. Qf3 Be7 12. Kh1 h5 13. Nb3 Bd7 14. e5 Ng4 15.
Bxg6 fxg6 16. Bd4 O-O-O 17. Qe4 Nh6 18. Qxg6 Nf5 19. Nd5 exd5 20. e6 Bb5 21.
Qxf5 Bxf1 22. Rxf1 Qc4 23. Rf3 Kb8 24. Bxg7 Rhg8 25. Qf7 Rde8 26. f5 Qe4 27.
Nd4 Bg5 28. c3 Bf4 29. Rf1 Be5 30. f6 Qe3 31. Rg1 Qg3 32. Nf3 Bf4 33. e7 Be3
34. Rf1 Bh6 35. Qxg8 Rxg8 36. f7 Rxg7 37. f8=Q+ Ka7 38. Qxg7 Qxg7 39. e8=Q h4
40. Qa4 Qg3 41. Qd4+ Kb8 42. Nxh4 1-0

[Event "DLM 2008"]
[Site "Dresden GER"]
[Date "2008.11.14"]
[Round "1"]
[White "Xu, Xianliang"]
[Black "Franzenburg, Maria"]
[Result "1-0"]
[Termination "normal"]
[Board "5.5"]
[WhiteElo "1890"]
[BlackElo "1827"]
[WhiteTeam "Württemberg 1"]
[BlackTeam "Schleswig-Holstein"]
[PlyCount "67"]
[WhiteFideId "4603230"]
[BlackFideId "24667102"]
[EventCountry "GER"]
[EventRounds "7"]
[EventType "team-swiss"]
[EventDate "2008.11.13"]

1. e4 e6 2. Nf3 c5 3. b4 d6 4. bxc5 dxc5 5. Bb5+ Bd7 6. Qe2 Nc6 7. O-O a6 8.
Bxc6 Bxc6 9. Bb2 Nf6 10. d3 Be7 11. Ne5 Qc7 12. Nd2 b5 13. Ng4 Qf4 14. Nxf6+
Bxf6 15. Bxf6 Qxf6 16. Nb3 Qe7 17. Qh5 c4 18. Na5 Qc7 19. Nxc6 Qxc6 20. f4 Rc8
21. Kh1 cxd3 22. cxd3 Qc2 23. f5 exf5 24. exf5 O-O 25. f6 Qxd3 26. fxg7 Kxg7
27. Rf3 Qd4 28. Raf1 Rc7 29. Rh3 Qe4 30. Qh6+ Kg8 31. Rg3+ Qg6 32. Rxg6+ hxg6
33. h3 Rc2 34. Rf4 1-0

[Event "DLM 2008"]
[Site "Dresden GER"]
[Date "2008.11.14"]
[Round "1"]
[White "Marx, Inga"]
[Black "Stitterich, Nadine"]
[Result "0-1"]
[Termination "normal"]
[Board "5.6"]
[WhiteElo "1595"]
[BlackElo "1888"]
[WhiteTeam "Schleswig-Holstein"]
[BlackTeam "Württemberg 1"]
[PlyCount "64"]
[WhiteFideId "4654749"]
[BlackFideId "24676527"]
[EventCountry "GER"]
[EventRounds "7"]
[EventType "team-swiss"]
[EventDate "2008.11.13"]

1. e4 e5 2. Nf3 Nc6 3. Bb5 d6 4. O-O Bg4 5. d3 Be7 6. c3 a6 7. Ba4 Nf6 8. Nbd2
O-O 9. h3 Bh5 10. Re1 b5 11. Bb3 Qb8 12. Nf1 Na5 13. Bc2 c5 14. Ng3 Bg6 15. Nh4
Nc6 16. Ngf5 Qc7 17. Qf3 b4 18. Bg5 a5 19. Nh6+ gxh6 20. Bxf6 Bxf6 21. Qxf6 Qe7
22. Qxe7 Nxe7 23. Re3 a4 24. Rg3 Kh8 25. Rb1 Nc6 26. Nf3 Rfb8 27. Nh2 a3 28.
Bb3 bxc3 29. bxc3 Na5 30. Re3 Nxb3 31. Rxb3 Rxb3 32. axb3 a2 0-1

[Event "DLM 2008"]
[Site "Dresden GER"]
[Date "2008.11.14"]
[Round "1"]
[White "von Schwerin, Clemens"]
[Black "Polert, Annika"]
[Result "1-0"]
[Termination "normal"]
[Board "5.7"]
[WhiteElo "1906"]
[BlackElo "1506"]
[WhiteTeam "Württemberg 1"]
[BlackTeam "Schleswig-Holstein"]
[PlyCount "61"]
[WhiteFideId "4613228"]
[BlackFideId "24692328"]
[EventCountry "GER"]
[EventRounds "7"]
[EventType "team-swiss"]
[EventDate "2008.11.13"]

1. e4 e6 2. d4 d5 3. Nd2 Nf6 4. e5 Nfd7 5. Bd3 c5 6. c3 Nc6 7. Ne2 Qb6 8. Nf3
Be7 9. O-O f6 10. exf6 Nxf6 11. Re1 O-O 12. Nf4 Nd8 13. Ng5 c4 14. Bb1 Bd6 15.
Qc2 Bxf4 16. Bxf4 g6 17. Nxh7 Ne4 18. Nxf8 e5 19. Bxe5 Bf5 20. Qe2 Kxf8 21. f3
Ng5 22. Bxf5 gxf5 23. Bh8 Nge6 24. Rab1 Rc8 25. Qe5 Rc7 26. Bf6 Qc6 27. Bxd8
Nxd8 28. Qh8+ Kf7 29. Qxd8 Rd7 30. Qe8+ Kf6 31. Re5 1-0

[Event "DLM 2008"]
[Site "Dresden GER"]
[Date "2008.11.14"]
[Round "1"]
[White "Borukhson, David"]
[Black "Weber, Sandra"]
[Result "0-1"]
[Termination "normal"]
[Board "5.8"]
[WhiteElo "1202"]
[BlackElo "1243"]
[WhiteTeam "Schleswig-Holstein"]
[BlackTeam "Württemberg 1"]
[PlyCount "138"]
[BlackFideId "1270049"]
[EventCountry "GER"]
[EventRounds "7"]
[EventType "team-swiss"]
[EventDate "2008.11.13"]

1. e4 e5 2. Nf3 Nf6 3. d3 Nc6 4. Bg5 Be7 5. Be2 O-O 6. O-O d5 7. Nbd2 h6 8. Bh4
b6 9. Bg3 Bd6 10. c3 Re8 11. Qb3 Na5 12. Qc2 c6 13. d4 exd4 14. Bxd6 dxe4 15.
Nxd4 Qxd6 16. b4 Nb7 17. Rfe1 c5 18. Nb5 Qc6 19. Bc4 a6 20. Na3 b5 21. Bf1 c4
22. g3 Nd6 23. Bg2 Ra7 24. Re2 Rae7 25. Rae1 Bf5 26. Qd1 Kf8 27. Nc2 Bg4 28.
Nd4 Bxe2 29. Nxc6 Bxd1 30. Nxe7 Rxe7 31. Rxd1 e3 32. fxe3 Rxe3 33. Nb1 Nde4 34.
Rc1 Nd5 35. Bxe4 Rxe4 36. Rd1 Nf6 37. Kf2 Re8 38. Kf3 Ra8 39. Na3 g6 40. Rd6
Kg7 41. Ke3 Ng4+ 42. Kd4 Nxh2 43. Kc5 Nf1 44. g4 Ng3 45. Kb6 Re8 46. Nb1 Re6
47. Rxe6 fxe6 48. Kxa6 e5 49. Nd2 e4 50. Kxb5 e3 51. Nf3 Ne4 52. Kxc4 Nd2+ 53.
Kd3 Nxf3 54. Kxe3 Ne5 55. a4 Nc6 56. b5 Na7 57. b6 Nc6 58. b7 h5 59. a5 h4 60.
a6 h3 61. a7 h2 62. b8=Q Nxb8 63. axb8=Q h1=Q 64. Qc7+ Kh8 65. Qe5+ Kg8 66.
Qe8+ Kg7 67. Kf4 Qc1+ 68. Qe3 Qf1+ 69. Kg5 Qf6# 0-1

[Event "DLM 2008"]
[Site "Dresden GER"]
[Date "2008.11.14"]
[Round "1"]
[White "Kesten, Sebastian"]
[Black "Berchtenbreiter, Maximilian"]
[Result "1/2-1/2"]
[Termination "normal"]
[Board "6.1"]
[WhiteElo "2120"]
[BlackElo "2116"]
[WhiteTeam "Mecklenburg-Vorpommern"]
[BlackTeam "Bayern"]
[PlyCount "80"]
[WhiteFideId "24616214"]
[BlackFideId "24641120"]
[EventCountry "GER"]
[EventRounds "7"]
[EventType "team-swiss"]
[EventDate "2008.11.13"]

1. d4 Nf6 2. Nf3 e6 3. e3 b6 4. Nbd2 c5 5. c3 Be7 6. Bd3 O-O 7. O-O Ba6 8. Bxa6
Nxa6 9. Qe2 Qc8 10. e4 Qb7 11. Re1 cxd4 12. Nxd4 d6 13. Nf1 Nc5 14. Ng3 Nfd7
15. Nf3 Ne5 16. Nxe5 dxe5 17. Qg4 Kh8 18. Rd1 Rad8 19. Bg5 Bxg5 20. Qxg5 f6 21.
Qg4 Qe7 22. Qe2 g6 23. f3 Na4 24. Qc2 b5 25. Qb3 a6 26. h3 f5 27. Kh2 h5 28. c4
h4 29. Ne2 fxe4 30. fxe4 Nc5 31. Qe3 bxc4 32. Qh6+ Kg8 33. Rxd8 Rxd8 34. Rc1
Qf6 35. Rxc4 Nd3 36. Rc7 Nf4 37. Qh7+ Kf8 38. Qh6+ Kg8 39. Qh7+ Kf8 40. Qh6+
Kg8 1/2-1/2

[Event "DLM 2008"]
[Site "Dresden GER"]
[Date "2008.11.14"]
[Round "1"]
[White "Billing, Christian"]
[Black "Daug, Jörn-Henning"]
[Result "1-0"]
[Termination "normal"]
[Board "6.2"]
[WhiteElo "2212"]
[BlackElo "1974"]
[WhiteTeam "Bayern"]
[BlackTeam "Mecklenburg-Vorpommern"]
[PlyCount "91"]
[WhiteFideId "4697294"]
[BlackFideId "24616974"]
[EventCountry "GER"]
[EventRounds "7"]
[EventType "team-swiss"]
[EventDate "2008.11.13"]

1. e4 c5 2. Nf3 Nc6 3. Bb5 g6 4. O-O Bg7 5. c3 a6 6. Bxc6 bxc6 7. Qa4 Nf6 8. d3
Qc7 9. Re1 e5 10. Na3 O-O 11. Nc4 d6 12. Qa5 Qe7 13. d4 cxd4 14. cxd4 Nd7 15.
Qc7 exd4 16. Bf4 Qe6 17. Qxc6 Ra7 18. Nxd6 Ne5 19. Nxe5 Bxe5 20. Bxe5 Qxe5 21.
Nxc8 Rc7 22. Qd6 f6 23. Qxe5 fxe5 24. Nb6 Rc2 25. f3 Rxb2 26. Nc4 Rb4 27. Nxe5
Rc8 28. Rac1 Rc3 29. Rxc3 dxc3 30. Rc1 Rb2 31. Rxc3 Rxa2 32. Nc4 Kf7 33. Ra3
Rc2 34. Ne3 Rc6 35. Kf2 Ke6 36. Nd5 Rc2+ 37. Kg3 h5 38. Rxa6+ Kf7 39. h4 Re2
40. Rf6+ Kg7 41. Rxg6+ Kh7 42. Rg5 Kh6 43. Kf4 Ra2 44. Kf5 Ra3 45. Rg6+ Kh7 46.
Nf6+ 1-0

[Event "DLM 2008"]
[Site "Dresden GER"]
[Date "2008.11.14"]
[Round "1"]
[White "Völsgen, Georg"]
[Black "Nuber, Blasius"]
[Result "1/2-1/2"]
[Termination "normal"]
[Board "6.3"]
[WhiteElo "1929"]
[BlackElo "2107"]
[WhiteTeam "Mecklenburg-Vorpommern"]
[BlackTeam "Bayern"]
[PlyCount "65"]
[WhiteFideId "24635901"]
[BlackFideId "24620289"]
[EventCountry "GER"]
[EventRounds "7"]
[EventType "team-swiss"]
[EventDate "2008.11.13"]

1. e4 Nf6 2. Nc3 d5 3. exd5 Nxd5 4. Bc4 c6 5. Qf3 e6 6. Nge2 Nd7 7. d4 Be7 8.
Ne4 N7f6 9. c3 Nxe4 10. Qxe4 Qa5 11. O-O O-O 12. Bd3 Nf6 13. Qh4 b6 14. Bg5 h6
15. Bxf6 Bxf6 16. Qe4 Qf5 17. Qe3 Qg5 18. Qe4 Qf5 19. Qe3 Qg5 20. f4 Qd5 21.
Ng3 Bb7 22. Be4 Qd6 23. Nh5 Qe7 24. Qf3 Rac8 25. b4 Rc7 26. Rfe1 g6 27. Nxf6+
Qxf6 28. Qg3 Rfc8 29. Qf3 Ba6 30. a4 Bc4 31. a5 b5 32. Re3 Bd5 33. Qf2 1/2-1/2

[Event "DLM 2008"]
[Site "Dresden GER"]
[Date "2008.11.14"]
[Round "1"]
[White "Nuber, Helene"]
[Black "Stemmler, Lysan"]
[Result "1-0"]
[Termination "normal"]
[Board "6.4"]
[WhiteElo "2072"]
[BlackElo "1863"]
[WhiteTeam "Bayern"]
[BlackTeam "Mecklenburg-Vorpommern"]
[PlyCount "69"]
[WhiteFideId "24613045"]
[BlackFideId "24622451"]
[EventCountry "GER"]
[EventRounds "7"]
[EventType "team-swiss"]
[EventDate "2008.11.13"]

1. e4 d6 2. d4 Nf6 3. Nc3 g6 4. Nf3 Bg7 5. h3 O-O 6. Be3 Nc6 7. Be2 e5 8. d5
Ne7 9. Qd2 Nxe4 10. Nxe4 f5 11. g4 fxe4 12. Ng5 c6 13. Bc4 b5 14. Bb3 c5 15. c4
Qb6 16. Nxe4 Kh8 17. Bg5 Ng8 18. O-O Ba6 19. Rac1 h6 20. Be3 Kh7 21. h4 bxc4
22. Bxc4 Bxc4 23. Rxc4 Rf3 24. Kg2 Raf8 25. Rh1 Qa6 26. b3 Ne7 27. h5 g5 28.
Bxg5 Nc8 29. Be3 Nb6 30. Rcc1 Qc8 31. Rh4 Qd7 32. Rg1 c4 33. Kf1 c3 34. Qd3 c2
35. Ng3+ 1-0

[Event "DLM 2008"]
[Site "Dresden GER"]
[Date "2008.11.14"]
[Round "1"]
[White "Wolf, Christoph"]
[Black "Anker, Christin"]
[Result "1-0"]
[Termination "normal"]
[Board "6.5"]
[WhiteElo "1790"]
[BlackElo "1900"]
[WhiteTeam "Mecklenburg-Vorpommern"]
[BlackTeam "Bayern"]
[PlyCount "91"]
[WhiteFideId "24650633"]
[BlackFideId "1615688"]
[EventCountry "GER"]
[EventRounds "7"]
[EventType "team-swiss"]
[EventDate "2008.11.13"]

1. e4 e5 2. Bc4 Bc5 3. d3 Nc6 4. Nc3 d6 5. Nf3 Bg4 6. Be3 Bb6 7. O-O Nf6 8. a4
Nd4 9. Bxd4 Bxd4 10. Nb5 Bc5 11. b4 Bxb4 12. c3 Ba5 13. Qb3 O-O 14. Ng5 Bh5 15.
f4 h6 16. fxe5 dxe5 17. Nf3 c6 18. Na3 Bb6+ 19. Kh1 Ng4 20. d4 exd4 21. cxd4
Qe7 22. h3 Nf6 23. Rae1 Bxf3 24. Rxf3 Bxd4 25. e5 Nd5 26. Bxd5 cxd5 27. Qxd5
Rad8 28. Qe4 Bc5 29. Nc2 b6 30. Ne3 Rd4 31. Nf5 Qd7 32. Nxd4 Qxd4 33. Qxd4 Bxd4
34. Rd3 Bb2 35. Rd7 Re8 36. Rxa7 Rxe5 37. Rxe5 Bxe5 38. Kg1 Bd4+ 39. Kf1 f5 40.
Ke2 Kh7 41. Rd7 Bg1 42. Kd3 Kg6 43. Kc4 f4 44. Kb5 Kf6 45. Rd6+ Kf5 46. Rxb6
1-0